О некоторых изменениях в идейно-политическом воспитании студентов ТПИ в начале хрущевской "оттепели" (1956-1958 гг.); Известия Томского политехнического университета [Известия ТПУ]; Т. 305, вып. 7 : Сибирь в евразийском пространстве

Dettagli Bibliografici
Parent link:Известия Томского политехнического университета [Известия ТПУ]/ Томский политехнический университет (ТПУ).— , 2000-
Т. 305, вып. 7 : Сибирь в евразийском пространстве.— 2002.— [С. 237-239]
Autore principale: Спиченко Т. А. Татьяна Андреевна
Riassunto:Заглавие с титульного листа
Электронная версия печатной публикации
Показаны изменения в идейно-воспитательной и массово-политической работе в коллективе Томского политехнического института во времена хрущевской "оттепели".
Lingua:russo
Pubblicazione: 2002
Serie:Из истории Томского политехнического университета
Soggetti:
Accesso online:http://www.lib.tpu.ru/fulltext/v/Bulletin_TPU/2002/v305/i7/26.pdf
Natura: MixedMaterials Elettronico Capitolo di libro
KOHA link:https://koha.lib.tpu.ru/cgi-bin/koha/opac-detail.pl?biblionumber=166775

MARC

LEADER 00000nla2a2200000 4500
001 166775
005 20231031162558.0
035 |a (RuTPU)RU\TPU\book\180905 
035 |a RU\TPU\book\180904 
090 |a 166775 
100 |a 20091007d2002 k y0rusy50 ca 
101 0 |a rus 
102 |a RU 
135 |a drnn ---uucaa 
200 1 |a О некоторых изменениях в идейно-политическом воспитании студентов ТПИ в начале хрущевской "оттепели" (1956-1958 гг.)  |f Т. А. Спиченко 
215 |a 1 файл (458 Кб) 
225 1 |a Из истории Томского политехнического университета 
230 |a Электронные текстовые данные (1 файл : 458 Кб) 
300 |a Заглавие с титульного листа 
300 |a Электронная версия печатной публикации 
320 |a [Библиогр.: с. 239 (3 назв.)] 
330 |a Показаны изменения в идейно-воспитательной и массово-политической работе в коллективе Томского политехнического института во времена хрущевской "оттепели". 
337 |a Adobe Reader 
461 1 |0 (RuTPU)RU\TPU\book\176237  |t Известия Томского политехнического университета [Известия ТПУ]  |f Томский политехнический университет (ТПУ)  |d 2000- 
463 1 |0 (RuTPU)RU\TPU\book\180804  |t Т. 305, вып. 7 : Сибирь в евразийском пространстве  |o тематический выпуск  |f под ред. Л. И. Шерстовой  |v [С. 237-239]  |d 2002  |p 241 с. 
601 0 2 |a Томский политехнический институт (ТПИ)  |c (1944-1991)  |2 stltpush  |3 (RuTPU)RU\TPU\col\1123 
610 1 |a труды учёных ТПУ 
610 1 |a электронный ресурс 
610 1 |a оттепель 
610 1 |a Томск 
610 1 |a учебные программы 
610 1 |a вузовское образование 
610 1 |a вузовские газеты 
610 1 |a переориентация сознания 
700 1 |a Спиченко  |b Т. А.  |c историк  |c старший преподаватель Томского политехнического университета  |f 1954-  |g Татьяна Андреевна  |2 stltpush  |3 (RuTPU)RU\TPU\pers\29469 
801 1 |a RU  |b 63413507  |c 20090623  |g PSBO 
801 2 |a RU  |b 63413507  |c 20210421  |g PSBO 
856 4 |u http://www.lib.tpu.ru/fulltext/v/Bulletin_TPU/2002/v305/i7/26.pdf 
942 |c CF